000
00282nam a2200109Ia 4500
008
190912s9999||||xx |||||||||||||| ||und||
100
_a
WAP Professional study
245
0
_a
F8 ACCA Audit and Assurance
260
_a
Lahore
_b
Professional study
_c
2012
300
_a
588
942
_c
BK
999
_c
7550
_d
7550